Statistics for NHL Original Six

Click here to take the quiz!

General Stats

  • This quiz has been taken 277 times
  • The average score is 6 of 6

Answer Stats

Team% Correct
Boston Bruins
98%
Montreal Canadiens
98%
Toronto Maple Leafs
97%
New York Rangers
96%
Detroit Red Wings
92%
Chicago Blackhawks
91%

Score Distribution

Percentile by Number Answered

Percent of People with Each Score

Your Score History

You have not taken this quiz